=LDR 00000nam 2200000 4500 =001 INLIS000000000050675 =005 20170512023747 =035 ##$$a 0010-0517000328 =007 ta =008 170512###########################0###### =020 ##$$a 978-602-9212-76-1 =082 ##$$a 746.2 =084 ##$$a 746.2 BAM r =100 #$$a Bambang, Dessy Tri Anandani =245 1#$$a Rajut : $b Panduan Berkreasi dan Berbisnis /$c Dessy Tri Anandani Bambang =250 ##$$a Cet.1 =260 ##$$a Solo :$b Tiga Serangkai,$c 2013 =300 ##$$a 112 hlm. : $b Ilus ; $c 27 cm. =650 ##$$a RAJUT =990 ##$$a 83558355 =990 ##$$a 83558355 =990 ##$$a 31700257 =990 ##$$a 02201708355 =990 ##$$a 31700258 =990 ##$$a 31700257